000
00317nam a22001217a 4500
008
160426b xxu||||| |||| 00| 0 eng d
020
_a
9780763731830
020
_a
0763731838
041
_a
eng
080
_a
618.2
245
_a
Holistic nursing:
_c
Barbara Montgomery; Lynn Keegan; Cathie E. Guzzetta;
942
_2
udc
_c
BK
999
_c
1602
_d
1602